000
00290nam a22001337a 4500
008
170406b xxu||||| |||| 00| 0 eng d
020
_a
0838542905
041
_a
eng
080
_2
3RD
_a
575
100
_a
9
101
_a
SHM
245
_a
IMMUNOHEMATOLOGY
_c
ZMIJEWKSI, CH.M
942
_2
udc
_c
BK
999
_c
9935
_d
9935